000 00869nam a2200205 i 4500
001 113514
003 ES-MaACL
005 20250920063056.0
007 t|
008 200911s1956 sp r ||||1| spa d
100 1 _aMarichalar, Antonio,
_d1893-1973
_976704
245 1 4 _aLos descargos del Emperador /
_cDiscurso leído ante la Real Academia de la Historia, en el acto de su recepción pública... por... D. Antonio Marichalar, Marqués de Montesa . Y contestación de... D. Agustín González de Amezúa y Mayo.
260 _aMadrid :
_b[s.n.],
_c1956 (
_fS. Aguirre, imp.)
300 _a72 p. ;
_c24 cm.
651 4 _aEspaña-
_xHistoria-
_y1516-1556, Carlos I.
_98224
700 1 _aAmezúa y Mayo, Agustín G. de,
_d1881-1956
_921219
710 2 _aReal Academia de la Historia (España)
_96309
852 _aES-MaACL
_jF-M-III-H
999 _c113514
_d113514